[Event "Gyula"]
[Site "Gyula"]
[Date "1993.??.??"]
[Round "9"]
[White "Almasi, Istvan"]
[Black "Sidorov, Anatoly"]
[Result "0-1"]
[WhiteElo "2400"]
[BlackElo "2390"]

1.e4 c5 2.Nf3 Nc6 3.d4 cxd4 4.Nxd4 Qb6 5.Nb5 a6 6.Be3 Qa5+ 7.N5c3 e6 8.Be2 Nf6
9.O-O b5 10.Nd2 Qc7 11.f4 d6 12.Bf3 Bb7 13.a4 b4 14.Ne2 Na5 15.c3 d5 16.e5 Bc5
17.Bxc5 Qxc5+ 18.Kh1 Ne4 19.Bxe4 dxe4 20.Nb3 Nxb3 21.Qxb3 Bd5 22.Qxb4 Qxb4
23.cxb4 Rb8 24.b5 axb5 25.axb5 f5 26.Nc3 Bc4 27.Rfd1 Bd3 28.Ra6 Kf7 29.Ra7+ Kg6
30.Kg1 Rhd8 31.Kf2 Rd4 32.Re7 Rb4 33.Rd2 Rb6 34.Ke3 h6 35.h3 Bxb5 36.Rd6 Bc4
37.Rdd7 Kh5 38.Rxg7 Rxb2 39.g4+ Kh4 40.gxf5 exf5 41.Rd6 Bf1 42.Rxb6 Rxb6
43.Rg1 Ba6 44.Nd5 Rb3+ 45.Kd4 Bc8 46.Rg6 Rd3+ 47.Kc4 h5 48.e6 Kxh3 49.e7 Bd7
50.Nf6 Ba4 51.Rg5 Rd6 52.e8=Q Bxe8 53.Nxe8 Rd1 54.Rxf5 Kg4 55.Re5 Kxf4 56.Rxh5 e3
57.Rh2 Kg3 58.Re2 Kf3 59.Rh2 e2 60.Rxe2 Kxe2 61.Nf6 Rd8 62.Nd5 Kf3 63.Kd4 Re8
64.Nc3 Rh8 65.Nd5 Rh4+ 66.Ke5 Re4+ 67.Kd6 Re1 68.Nf6 Kf4 69.Nd5+ Kf5 70.Ne7+ Ke4
71.Nc6 Rd1+ 72.Ke6 Rd5 73.Ne7 Rh5 74.Kf6 Ra5 75.Ng6 Ra6+ 76.Kg7 Kf5 77.Nf8 Ra7+
78.Kg8 Re7  0-1

[Event "GER-ch int U20"]
[Site "Hamburg"]
[Date "1993.??.??"]
[Round "?"]
[White "Hetey, Laszlo"]
[Black "Kos, Sebastian"]
[Result "0-1"]
[WhiteElo "2285"]
[BlackElo "2205"]

1.e4 c5 2.Nf3 Nc6 3.d4 cxd4 4.Nxd4 Qb6 5.Nb3 Nf6 6.Nc3 e6 7.Be3 Qc7 8.a3 a6
9.g4 h6 10.Bg2 d6 11.O-O Na5 12.h3 Nc4 13.Bc1 Bd7 14.Nd4 Rc8 15.Kh1 Qb6 16.Nce2 e5
17.b3 exd4 18.bxc4 Rxc4 19.f4 Ba4 20.Ra2 Qc5 21.Rb2 b5 22.e5 Rxc2 23.Qxd4 Nd7
24.exd6 Qxd4 25.Nxd4 Rxb2 26.Bxb2 Bxd6 27.Nf5 Bf8 28.Rf2 Bb3 29.Rd2 Be6 30.Nd4 Nc5
31.Nc6 Be7 32.f5 Bd7 33.Bxg7 Rh7 34.f6 Bf8 35.Bxf8 Kxf8  0-1

[Event "Harkany op"]
[Site "Harkany"]
[Date "1993.??.??"]
[Round "6"]
[White "Videki, Sandor"]
[Black "Varga, Zoltan"]
[Result "1-0"]
[WhiteElo "2385"]
[BlackElo "2475"]

1.e4 c5 2.Nf3 Nc6 3.d4 cxd4 4.Nxd4 Qb6 5.Nb3 Nf6 6.Nc3 e6 7.Be3 Qc7 8.Bd3 Be7
9.f4 d6 10.Qf3 a6 11.O-O O-O 12.Rae1 b5 13.g4 b4 14.Ne2 d5 15.e5 Ne4 16.Ng3 f5
17.exf6 Nxf6 18.g5 Ne8 19.Qh5 g6 20.Bxg6 hxg6 21.Qxg6+ Ng7 22.Nh5 Rf7 23.Rf3 e5
24.Nxg7 Rxg7 25.Qe8+ Kh7 26.Qh5+ Kg8 27.Qe8+ Kh7 28.f5 Bxf5 29.Qh5+ Kg8 30.Rxf5 d4
31.Bc1 Qd6 32.Nd2 d3 33.Ne4 Qd4+ 34.Kh1 dxc2 35.Qf3 Qc4 36.b3 Qe6 37.Nf6+ Kf7
38.Nh5+ Kg6 39.Nxg7 Kxg7 40.Rf1  1-0

[Event "Helsinki"]
[Site "Helsinki"]
[Date "1993.??.??"]
[Round "5"]
[White "Rytshagov, Mikhail"]
[Black "Henriksson, Christer"]
[Result "1-0"]
[WhiteElo "2435"]
[BlackElo "2365"]

1.e4 c5 2.Nf3 Nc6 3.d4 cxd4 4.Nxd4 Qb6 5.Nb3 Nf6 6.Nc3 e6 7.Bd3 Be7 8.O-O d6
9.a4 a6 10.a5 Qc7 11.Be3 O-O 12.Na4 Nd7 13.Qd2 Nce5 14.h3 d5 15.exd5 exd5
16.Nd4 Nf6 17.Nb6 Rb8 18.Rfe1 Bc5 19.b4 Bd6 20.Bg5 Nxd3 21.cxd3 Be6 22.Rac1 Qd8
23.Nxe6 fxe6 24.Rxe6 h6 25.Rxd6 Qxd6 26.Bf4 Qe6 27.Bxb8 Rxb8 28.Qe3 Qf7 29.Nc8 Qd7
30.Qc5 d4 31.Nb6 Qd8 32.Re1 Kh8 33.Re7 Qg8 34.Nd7 Rc8 35.Nxf6 Rxc5 36.Nxg8 Rc1+
37.Kh2 Kxg8 38.Rd7 Kf8 39.Rxd4 Ke8 40.Kg3 Rc6 41.Kf3 b6 42.axb6 Rxb6 43.h4 h5
44.g3 Ke7 45.Ke3 Rb5 46.Rc4 Kd6 47.d4 Rb7 48.Rc5 Rxb4 49.Rxh5 Rb3+ 50.Ke4 Rb2
51.Rg5 Rxf2 52.Rxg7 a5 53.Ra7 Rg2 54.Kf4 Rd2 55.Rxa5 Rxd4+ 56.Kg5 Ke7 57.h5 Kf7
58.g4 Kg8 59.Kf5 Rd8 60.g5 Rb8 61.Rc5 Rb1 62.Rc8+ Kh7 63.Rc7+ Kh8 64.g6 Rb8
65.h6 Kg8 66.Ke5 Re8+ 67.Kd6 Rd8+ 68.Ke7 Rf8 69.Kd7 Ra8 70.Rc8+  1-0

[Event "Heraklio op"]
[Site "Heraklio"]
[Date "1993.??.??"]
[Round "2"]
[White "Nikolaidis, Konstantinos"]
[Black "Grivas, Efstratios"]
[Result "0-1"]
[WhiteElo "2315"]
[BlackElo "2505"]

1.e4 c5 2.Nf3 Nc6 3.d4 cxd4 4.Nxd4 Qb6 5.Nb3 Nf6 6.Nc3 e6 7.Bd3 d6 8.O-O a6
9.Kh1 Qc7 10.f4 b5 11.Qf3 b4 12.Nd1 Be7 13.e5 Nd5 14.Ne3 Nxe3 15.exd6 Bxd6
16.Bxe3 O-O 17.Nc5 f5 18.Rae1 Re8 19.Bg1 Bxc5 20.Bxc5 Bb7 21.Qf2 a5 22.Qe2 Nd8
23.Bg1 Qf7 24.Bb6 Bd5 25.b3 Nb7 26.Qe5 Qd7 27.Re2 Nd6 28.Rd1 Nf7 29.Qd4 Qc6
30.Qc5 Qxc5 31.Bxc5 Rec8 32.Bb6 Rc6 33.Bf2 Nd6 34.Kg1 Rac8 35.a3 Be4 36.axb4 axb4
37.Be1 Bxd3 38.Rxd3 Ne4 39.Bxb4 Rxc2 40.Rxc2 Rxc2 41.h4 h5 42.Rd8+ Kf7 43.Rf8+ Kg6
44.Re8 Rc6 45.Ba5 Kf7 46.Rb8 Rc1+ 47.Kh2 Nf6 48.Rb7+ Kg8 49.Rb8+ Kh7 50.Rb6 Rb1
51.Rb7 Rd1 52.Kg3 Ng4 53.Kf3 Rf1+ 54.Kg3 e5 55.Bc7 e4 56.Ba5 Rd1 57.Kh3 Rd5
58.Be1 Rd3+ 59.g3 Re3  0-1

[Event "Hlinsko op"]
[Site "Hlinsko"]
[Date "1993.??.??"]
[Round "?"]
[White "Krupkova, Petra"]
[Black "Haba, Petr"]
[Result "1/2-1/2"]
[WhiteElo "2200"]
[BlackElo "2485"]

1.e4 c5 2.Nf3 Nc6 3.d4 cxd4 4.Nxd4 Qc7 5.Nc3 e6 6.Be2 a6 7.O-O Nf6 8.Be3 Bb4
9.Na4 O-O 10.Nxc6 bxc6 11.Nb6 Rb8 12.Nxc8 Rfxc8 13.Bxa6 Rf8 14.Bd3 Bd6 15.f4 e5
16.f5 Rxb2 17.a4 Qa5 18.Kh1 Rb7 19.Bg5 Be7 20.Bd2 Bb4 21.Bg5 Be7 22.Bd2 Bb4
23.Bg5  1/2-1/2

[Event "Hlohovec op"]
[Site "Hlohovec"]
[Date "1993.??.??"]
[Round "?"]
[White "Socko, Bartosz"]
[Black "Bielczyk, Jacek"]
[Result "0-1"]
[WhiteElo "2240"]
[BlackElo "2370"]

1.e4 c5 2.Nf3 Nc6 3.d4 cxd4 4.Nxd4 Qb6 5.Nb3 Nf6 6.Nc3 e6 7.Bd3 a6 8.f4 d6
9.Qf3 Qc7 10.O-O Be7 11.Be3 O-O 12.Rae1 b5 13.e5 Ne8 14.Nd4 Nxd4 15.Bxd4 Bb7
16.Qh3 g6 17.Kh1 Rd8 18.Ne4 Bxe4 19.Rxe4 Ng7 20.Re3 dxe5 21.Bxe5 Qc5 22.Qh6 f6
23.Rh3 Rxd3 24.Qxh7+ Kf7 25.Rxd3 Rd8 26.Rxd8 Bxd8 27.h3 Qc4 28.Rf3 Qxc2 29.Bd4 Qd1+
30.Kh2 Qxd4 31.Rg3 Qe4 32.h4 Qf5 33.Rc3 Qxf4+ 34.g3 Qf2+ 35.Kh3 Qf1+ 36.Kh2 Bb6  0-1

[Event "HUN-chT"]
[Site "HUN"]
[Date "1993.??.??"]
[Round "?"]
[White "Sziebert, Adam"]
[Black "Szabolcsi, Janos"]
[Result "1/2-1/2"]
[WhiteElo "2335"]
[BlackElo "2380"]

1.e4 c5 2.Nf3 Nc6 3.d4 cxd4 4.Nxd4 Qc7 5.Nc3 e6 6.Be2 a6 7.O-O Nf6 8.Kh1 h5
9.f4 Nxd4 10.Qxd4 Bc5 11.Qd3 Ng4 12.Qg3 b5 13.e5 Bb7 14.Bf3 Nh6 15.Ne4 Nf5
16.Qh3 O-O-O 17.Bd2 h4 18.Nxc5 Qxc5 19.Be1 d5 20.exd6 Rxd6 21.Bf2 Qc7 22.Be1 Kb8
23.Bc3 f6 24.Rad1 Rh6 25.Bxb7 Kxb7 26.Qf3+ Qc6 27.Rxd6 Nxd6 28.Re1 f5 29.Bxg7 Rg6
30.Qxc6+ Kxc6 31.Be5 Ne4 32.Kg1 Nd2 33.Re2 Nf3+ 34.Kh1 Nxe5 35.Rxe5 Kd6 36.Re3 Kd5
37.Kg1 Rg7 38.Kf2 b4 39.Re5+ Kd6 40.Re2 Rc7 41.Rd2+ Kc5 42.Kf3 a5 43.g4 hxg3
44.hxg3 Rh7 45.Re2 Kd6 46.Re5 Rh2 47.Rxa5 Rxc2 48.b3 Rd2 49.Ra6+ Kd5 50.Ke3 Rg2
51.Kf3 Rd2 52.Rb6 Rxa2 53.Rxb4 Rb2 54.Rb6 Rc2 55.Rb8 Rb2 56.g4 fxg4+ 57.Kxg4 Rf2  1/2-1/2

[Event "HUN-chT"]
[Site "HUN"]
[Date "1993.??.??"]
[Round "?"]
[White "Szuk, Balazs"]
[Black "Sziebert, Adam"]
[Result "1/2-1/2"]
[WhiteElo "2310"]
[BlackElo "2295"]

1.e4 c5 2.Nf3 Nc6 3.d4 cxd4 4.Nxd4 Qb6 5.Nb5 a6 6.N5c3 e6 7.Be2 Nf6 8.O-O Be7
9.Nd2 d5 10.exd5 exd5 11.Bf3 Be6 12.Nb3 Rd8 13.Be3 Qc7 14.Nd4 Ne5 15.Re1 O-O
16.Qe2 Nxf3+ 17.Qxf3 Bg4 18.Qg3 Qxg3 19.hxg3 Bb4 20.f3 Bh5 21.Bg5 Rc8 22.Re5 Nd7
23.Re3 Bxc3 24.bxc3 f6 25.Re7 Nc5 26.Bf4 Bg6 27.Bd6 Rfe8 28.Rae1 Na4 29.Bb4 Rxe7
30.Rxe7 Nxc3 31.Rxb7 Nxa2 32.Bd6 Nc3 33.Rb6 Bxc2 34.Rxa6 Bd3 35.Ra5 Bc4 36.Bb4 Ne2+
37.Nxe2 Bxe2 38.Rxd5 Bc4 39.Rd7 Rb8 40.Bc5 Be6  1/2-1/2

[Event "ISL-ch"]
[Site "?"]
[Date "1993.??.??"]
[Round "2"]
[White "Thorhallsson, Throstur"]
[Black "Angantysson, Haukur"]
[Result "1/2-1/2"]
[WhiteElo "2440"]
[BlackElo "2295"]

1.e4 c5 2.Nf3 Nc6 3.d4 cxd4 4.Nxd4 Qc7 5.Nc3 e6 6.Be3 a6 7.Bd3 Nf6 8.a4 Bd6
9.h3 Be5 10.Nf3 Bxc3+ 11.bxc3 d5 12.exd5 Nxd5 13.Bd2 Ne5 14.Ra3 Nc4 15.Rb3 Bd7
16.O-O Bxa4 17.Bxc4 Qxc4 18.Rxb7 O-O 19.Ne5 Qe4 20.Re1 Ne3 21.Qf3 Qxf3 22.gxf3 Nf5
23.Ra1 Bxc2 24.Rb2 f6 25.Rxc2 fxe5 26.Ra4 Rfb8 27.Rca2 Rb1+ 28.Kg2 Rd1 29.Be3 Rb8
30.Rb4 Rc8 31.Re4 Rc6 32.Rxe5 Nh4+ 33.Kg3 Nf5+ 34.Kg2 Nh4+ 35.Kg3 Nf5+ 36.Kg2  1/2-1/2

[Event "ISL-ch"]
[Site "?"]
[Date "1993.??.??"]
[Round "7"]
[White "Gretarsson, Andri A"]
[Black "Angantysson, Haukur"]
[Result "1/2-1/2"]
[WhiteElo "2310"]
[BlackElo "2295"]

1.e4 c5 2.Nf3 Qc7 3.d4 cxd4 4.Nxd4 Nc6 5.Nc3 e6 6.Be2 a6 7.O-O Nf6 8.Be3 d6
9.f4 Be7 10.g4 Nxd4 11.Bxd4 e5 12.Be3 exf4 13.Rxf4 Be6 14.g5 Nd7 15.Nd5 Bxd5
16.Qxd5 Ne5 17.Rf2 O-O 18.c3 Rac8 19.Rd1 b5 20.Bf4 Kh8 21.Kh1 Qb6 22.Rdf1 f6
23.gxf6 Bxf6 24.Qd4 Qb8 25.Bxe5 Bxe5 26.Qb6 Rxf2 27.Qxf2 Bf6 28.Bd3 Rc5 29.Qf3 Re5
30.Qh3 Qe8 31.Rf5 Rxf5 32.Qxf5 Be5 33.a4 g6 34.Qf2 bxa4 35.Bxa6 Kg7 36.Bc4 Bxc3
37.Bd5 Bf6 38.Qa7+ Kh6 39.Qe3+ Kg7 40.Qa7+ Kh6 41.Qe3+ Bg5 42.Qf3 Kg7 43.Qc3+ Bf6
44.Qc6 Qe5 45.Qxa4 Qf4 46.Qd7+ Kh6 47.Qh3+ Bh4 48.b4 Qc1+ 49.Kg2 Qd2+ 50.Kh1 Qd1+
51.Kg2 Qe2+ 52.Kh1 Kh5 53.b5 Qxb5 54.Qf3+ Kg5 55.Qe3+ Kh5 56.Qf3+ Kh6 57.Qf4+ Kg7
58.Qf7+ Kh6 59.Qf4+ Kh5 60.Qf3+ Kg5 61.Qe3+ Kf6 62.Qf4+ Kg7 63.Qf7+ Kh6 64.Qf4+  1/2-1/2

[Event "ISL-ch"]
[Site "?"]
[Date "1993.??.??"]
[Round "9"]
[White "Bjornsson, Tomas"]
[Black "Angantysson, Haukur"]
[Result "1-0"]
[WhiteElo "2290"]
[BlackElo "2295"]

1.e4 c5 2.Nf3 Nc6 3.d4 cxd4 4.Nxd4 Qc7 5.Nc3 e6 6.g3 a6 7.Bg2 g6 8.O-O Bg7
9.Be3 Ne5 10.Nde2 Nf6 11.h3 O-O 12.Qc1 d5 13.exd5 Nxd5 14.Nxd5 exd5 15.Nf4 Bf5
16.Nxd5 Qxc2 17.Qxc2 Bxc2 18.Rfc1 Bd3 19.Bc5 Rfd8 20.Be7 Nc4 21.Nf6+ Bxf6
22.Bxf6 Rd6 23.Bc3 Rd7 24.Rd1 Rc8 25.Be4 Rcd8 26.Bf6 Bxe4 27.Bxd8 Nd2 28.Bb6 Nf3+
29.Kf1 Bd3+ 30.Kg2 Nd2 31.Be3 Nc4 32.b3 Ne5 33.h4 Be4+ 34.Kg1 Bd5 35.Bf4 Nf3+
36.Kf1 f6 37.Rac1 Nh2+ 38.Ke1 Re7+ 39.Be3 Bc6 40.Rd8+ Kf7 41.Kd2 g5 42.hxg5 fxg5
43.Rc5 h6 44.a4 Kg6 45.Rd6+ Kh5 46.Rxh6+ Kxh6 47.Bxg5+ Kg6 48.Bxe7 Kf7 49.Bh4 Ke6
50.Kc3 Bf3 51.Bg5 Bd5 52.Rc8 Ng4 53.f4 Nf2 54.Bh4 Ne4+ 55.Kd4 Nd6 56.Rc3 Nf5+
57.Kc5 Be4 58.Rc1 Kd7 59.b4 Kc7 60.a5 Bc6 61.Re1 Kc8 62.Re5 Bd7 63.Kd5 Bc6+
64.Ke6 Nd4+ 65.Kf7 Nc2 66.Be7 Nd4 67.g4 Bf3 68.g5 Kd7 69.Bc5 Nc6 70.Re3 Bh5+  1-0

[Event "Katerini GP"]
[Site "Katerini"]
[Date "1993.??.??"]
[Round "6"]
[White "Theodoulidis, Theodoros"]
[Black "Skembris, Spyridon"]
[Result "0-1"]
[WhiteElo "2205"]
[BlackElo "2545"]

1.e4 c5 2.Nf3 Nc6 3.d4 cxd4 4.Nxd4 Qb6 5.Nb3 Nf6 6.Nc3 e6 7.Bd3 d6 8.O-O Be7
9.Be3 Qc7 10.f4 a6 11.a4 b6 12.g4 Nd7 13.Qe2 Nb4 14.Bd4 e5 15.Nd5 Nxd5 16.exd5 exd4
17.Rae1 Nf6 18.g5 Nxd5 19.Be4 Bb7 20.Nxd4 Ra7 21.Nf5 Qc5+ 22.Rf2 Nxf4 23.Qg4 Bxe4
24.Rxe4 Ng6 25.b4 Qc6 26.Nxg7+ Kd8 27.Rxf7 Ne5 28.Ne6+ Ke8 29.Qf5 Nxf7 30.Ng7+ Kd8
31.Ne6+ Kc8 32.Nd4+ Qd7 33.Qxf7 d5 34.Re6 Bxb4 35.Qf4 Bc5  0-1

[Event "Katowice op"]
[Site "Katowice"]
[Date "1993.??.??"]
[Round "6"]
[White "Mulet, Piotr"]
[Black "Anastasian, Ashot"]
[Result "0-1"]
[WhiteElo "2260"]
[BlackElo "2470"]

1.e4 c5 2.Nf3 Nc6 3.d4 cxd4 4.Nxd4 Qb6 5.Nb3 Nf6 6.Nc3 e6 7.Be3 Qc7 8.f4 d6
9.Be2 a6 10.a4 Na5 11.Nxa5 Qxa5 12.O-O Bd7 13.Bf3 Rc8 14.g4 h5 15.h3 hxg4
16.hxg4 Qb4 17.Ra3 Rh3 18.Rb3 Qc4 19.Kg2 Rxf3 20.Kxf3 Nxe4 21.Qd3 Nxc3 22.Qxc4 Rxc4
23.Rxc3 Bc6+ 24.Kf2 Rxa4 25.b3 Ra2 26.g5 Be7 27.Rd1 f6 28.f5 e5 29.g6 Kd7
30.Rd2 Be4 31.Bh6 Bxf5 32.Bxg7 Bxg6 33.Kg3 Be4 34.Kg4 Ra1 35.Rg3 f5+ 36.Kh5 Rh1+  0-1

[Event "Kecskemet"]
[Site "Kecskemet"]
[Date "1993.??.??"]
[Round "8"]
[White "Videki, Sandor"]
[Black "Fogarasi, Tibor"]
[Result "0-1"]
[WhiteElo "2415"]
[BlackElo "2440"]

1.e4 c5 2.Nf3 Nc6 3.d4 cxd4 4.Nxd4 Qc7 5.Nb5 Qb8 6.c4 Nf6 7.N5c3 e6 8.f4 d6
9.a3 Be7 10.Bd3 O-O 11.Be3 b6 12.Qf3 Bb7 13.Nd2 Qd8 14.O-O Re8 15.Qh3 Rc8
16.Nf3 Na5 17.e5 dxe5 18.Rad1 e4 19.Nxe4 Bxe4 20.Bxe4 Qc7 21.Bd3 Nxc4 22.Rc1 Bc5
23.Bxc5 Qxc5+ 24.Kh1 Qd5 25.Rfd1 Nxb2 26.Rxc8 Nxd1 27.Rxe8+ Nxe8 28.Qxh7+ Kf8
29.Qh8+ Ke7 30.Qh4+ g5  0-1

[Event "Komotini GP"]
[Site "Komotini"]
[Date "1993.??.??"]
[Round "5"]
[White "Saltaev, Mihail"]
[Black "Grivas, Efstratios"]
[Result "1-0"]
[WhiteElo "2450"]
[BlackElo "2505"]

1.e4 c5 2.Nf3 Nc6 3.d4 cxd4 4.Nxd4 Qb6 5.Nb3 Nf6 6.Nc3 e6 7.Bd3 d6 8.O-O a6
9.Kh1 Be7 10.f4 Qc7 11.Qf3 O-O 12.Bd2 b5 13.Rae1 b4 14.Nd1 a5 15.c3 a4 16.Nd4 Nxd4
17.cxd4 d5 18.e5 Nd7 19.f5 Ba6 20.f6 gxf6 21.Bxh7+  1-0

[Event "Komotini GP"]
[Site "Komotini"]
[Date "1993.??.??"]
[Round "8"]
[White "Vouldis, Angelos"]
[Black "Nikolaidis, Ioannis"]
[Result "1-0"]
[WhiteElo "2285"]
[BlackElo "2440"]

1.e4 c5 2.Nf3 Nc6 3.d4 cxd4 4.Nxd4 Qc7 5.Nc3 e6 6.Be2 Nf6 7.O-O a6 8.Kh1 Be7
9.f4 d6 10.Be3 O-O 11.a4 Re8 12.Bd3 Nxd4 13.Bxd4 e5 14.Be3 exf4 15.Rxf4 Be6
16.Bd4 Nd7 17.Nd5 Qd8 18.Nxe7+ Qxe7 19.b3 h6 20.c4 a5 21.Ra2 Rac8 22.Rd2 Ne5
23.Bc2 Rc6 24.h3 b6 25.Qg1 Rb8 26.Rf1 f6 27.Rfd1 Bf7 28.Bb2 Bh5 29.Re1 Nd7
30.Qd4 Bf7 31.e5 Nc5 32.e6 Bxe6 33.Rde2 Qf7 34.Rxe6 Nxe6 35.Qd5 Rc5 36.Qxe6 Qxe6
37.Rxe6 d5 38.Bd4 Rcc8 39.Rxb6  1-0

[Event "Komotini GP"]
[Site "Komotini"]
[Date "1993.??.??"]
[Round "9"]
[White "Vouldis, Angelos"]
[Black "Grivas, Efstratios"]
[Result "1/2-1/2"]
[WhiteElo "2285"]
[BlackElo "2505"]

1.e4 c5 2.Nf3 Nc6 3.d4 cxd4 4.Nxd4 Qb6 5.Nb3 Nf6 6.Nc3 e6 7.Be3 Qc7 8.f4 d6
9.Bd3 a6 10.Qf3 Be7 11.g4 b5 12.g5 Nd7 13.O-O-O Nb4 14.Kb1 Bb7 15.Qh3 O-O
16.Nd4 Rfe8 17.f5 exf5 18.g6 hxg6 19.exf5 g5 20.Rhg1 Nxd3 21.Bxg5  1/2-1/2

[Event "POL-chT"]
[Site "Lubniewice"]
[Date "1993.??.??"]
[Round "?"]
[White "Macieja, Bartlomiej"]
[Black "Nowak, Ignacy"]
[Result "0-1"]
[WhiteElo "2280"]
[BlackElo "2395"]

1.e4 c5 2.Nf3 Nc6 3.d4 cxd4 4.Nxd4 Qc7 5.Nc3 e6 6.Be2 a6 7.O-O Nf6 8.Be3 Be7
9.f4 d6 10.Qe1 O-O 11.Qg3 Nxd4 12.Bxd4 b5 13.a3 Bb7 14.Kh1 Bc6 15.Rae1 Qb7
16.Bf3 Rad8 17.Re2 Kh8 18.Rfe1 Rg8 19.Qf2 a5 20.h3 b4 21.axb4 axb4 22.Nb1 Nd7
23.e5 Bxf3 24.Qxf3 Qxf3 25.gxf3 d5 26.Nd2 Ra8 27.Nb3 Rgc8 28.Kg2 g6 29.Rb1 Kg8
30.Kf2 Nb8 31.Ke1 Nc6 32.Be3 Na5 33.Nxa5 Rxa5 34.Kd1 Kf8 35.Bd2 Ra2 36.Re3 Ke8
37.Rb3 Rc4 38.Rc1 Kd7 39.Ke2 Kc6 40.c3 Kb5 41.cxb4 Rxc1 42.Bxc1 Bxb4 43.Bd2 Ra4
44.Ke3 Kc4 45.Rd3 Bxd2+ 46.Kxd2 Rb4 47.Rc3+ Kb5 48.f5 gxf5 49.Rc7 f4 50.Rxf7 Rxb2+
51.Ke1 Rb3 52.Kf2 Re3 53.Rxh7 Rxe5 54.Rf7 Rh5 55.Rxf4 e5 56.Rf8 Kc4 57.Ke3 Rxh3
58.Rc8+ Kb5 59.Ke2 Kb6 60.Kf2 Rh2+ 61.Ke3 d4+ 62.Kd3 Rf2 63.Rf8 Kc5 64.Ke4 Re2+
65.Kd3 Re3+ 66.Kd2 Kd6 67.Rf6+ Ke7 68.Rf5 Ke6 69.Rf8 Ra3 70.Ke2 Ra7 71.Re8+ Re7
72.Rf8 Rh7 73.Re8+ Kf6 74.Kd3 Rh4 75.Ke2 Rh2+ 76.Kd3 Rf2 77.Rf8+ Kg6 78.Ke4 Re2+
79.Kd3 Re3+ 80.Kd2 Kg5 81.Kd1 Kh4 82.Rf7 Kg3 83.Rf5 Kg2 84.Kd2 Kf2 85.Kd1 Re2
86.Rf8 Ra2 87.Rf5 e4 88.fxe4+ Ke3 89.Rh5 Ra1+ 90.Kc2 d3+ 91.Kb2 d2 92.Rh3+ Kxe4  0-1

[Event "Wch Team"]
[Site "Luzern"]
[Date "1993.??.??"]
[Round "9"]
[White "Arencibia, Walter"]
[Black "Anastasian, Ashot"]
[Result "0-1"]
[WhiteElo "2485"]
[BlackElo "2530"]

1.e4 c5 2.Nf3 Nc6 3.d4 cxd4 4.Nxd4 Qb6 5.Nb3 Nf6 6.Nc3 e6 7.Bd3 a6 8.Be3 Qc7
9.f4 Bb4 10.O-O Bxc3 11.bxc3 b6 12.Nd2 d5 13.e5 Nd7 14.c4 d4 15.Bf2 Nc5 16.Qg4 Bb7
17.Bh4 Ne7 18.Rab1 Ng6 19.Bg3 O-O 20.h4 Ne7 21.h5 h6 22.Rfe1 b5 23.Bf2 Qd7
24.Nb3 Nxd3 25.cxd3 Nf5 26.Nc5 Qe7 27.Nxb7 Qxb7 28.a4 b4 29.Qe2 Rad8 30.g4 Ne3
31.Bxe3 dxe3 32.Qxe3 a5 33.d4 Qc6 34.Rbc1 Qxa4 35.Red1 b3 36.Qc3 Rb8 37.Ra1 Qc6
38.Rd2 Qe4 39.Rf1 Rfc8 40.f5 b2 41.Rxb2 Rxb2 42.Qxb2 Qxg4+ 43.Kh1 Qxh5+ 44.Qh2 Qxh2+
45.Kxh2 Rxc4 46.Rd1 Rc8 47.Kg3 a4 48.d5 exd5 49.Rxd5 Ra8  0-1

[Event "Mlada Boleslav op"]
[Site "Mlada Boleslav"]
[Date "1993.??.??"]
[Round "?"]
[White "Gross, Stefan"]
[Black "Golod, Vitali"]
[Result "0-1"]
[WhiteElo "2330"]
[BlackElo "2490"]

1.e4 c5 2.Nf3 Nc6 3.d4 cxd4 4.Nxd4 Qb6 5.Nb3 Nf6 6.Nc3 e6 7.Bd3 a6 8.O-O d6
9.Kh1 Qc7 10.Bg5 Be7 11.Qe2 h6 12.Bd2 b5 13.Rae1 b4 14.Nd1 a5 15.f4 a4 16.Na1 d5
17.exd5 Nxd5 18.c4 Nf6 19.f5 O-O 20.Ne3 Rd8 21.fxe6 Bxe6 22.Nf5 Bxf5 23.Bxf5 Nd4
24.Qxe7 Qxe7 25.Rxe7 Nxf5 26.Re2 Nd4 27.Re3 a3 28.bxa3 Rxa3 29.Rxa3 bxa3
30.Bb4 Ne4 31.g3 Nc6 32.Bxa3 Rd2 33.Nb3 Rxa2 34.Ra1 Re2 35.Nc1 Rc2 36.Ra2 Rxc4
37.Re2 f5 38.Bb2 Nb4 39.Kg2 g5 40.h3 Kf7 41.Nb3 Nd3 42.Nd4 Kg6 43.Nf3 Rc5
44.Bd4 Ra5 45.Be3 Ra3 46.Bd4 Ra5 47.Be3 Ne5 48.Nxe5+ Rxe5 49.Rc2 Re6 50.Rb2 Nxg3
51.Bxg5 hxg5 52.Kxg3 Re3+ 53.Kg2 f4 54.Rb8 Re2+ 55.Kf3 Re3+ 56.Kg2 Kf5 57.Rb4 Re2+
58.Kg1 f3 59.Ra4 Rg2+ 60.Kh1 Re2 61.Kg1 Re4 62.Ra5+ Kf4 63.Kh2 g4 64.hxg4 Re2+
65.Kh3 Re1 66.Ra4+ Ke3 67.Ra3+ Kf2 68.g5 Rg1 69.Kh4 Kg2 70.Kh5 f2 71.Ra2 Kf3
72.Rxf2+ Kxf2 73.g6 Kf3 74.Kh6 Kf4 75.g7 Kf5 76.Kh7 Rh1+ 77.Kg8 Kg6 78.Kf8 Rf1+
79.Kg8 Rf2  0-1

[Event "Muenster op"]
[Site "Muenster"]
[Date "1993.??.??"]
[Round "7"]
[White "Kilian, Ralf"]
[Black "Kishnev, Sergey"]
[Result "0-1"]
[WhiteElo "2270"]
[BlackElo "2500"]

1.e4 c5 2.Nf3 Nc6 3.d4 cxd4 4.Nxd4 Qb6 5.Nb3 Nf6 6.Nc3 e6 7.Be3 Qc7 8.Bd3 Bb4
9.Bd2 a6 10.f4 Bxc3 11.bxc3 d6 12.O-O O-O 13.Qf3 b5 14.Rae1 Bb7 15.Qg3 d5
16.e5 Ne4 17.Bxe4 dxe4 18.Rxe4 Ne7 19.Re2 Bd5 20.Rfe1 Rfd8 21.Qf2 Rac8 22.Nd4 Bxa2
23.Ra1 Bc4 24.Ree1 a5 25.Reb1 Rd5 26.Be3 a4 27.Rb4 Ra8 28.Ra3 Nf5 29.h3 Nxe3
30.Qxe3 Qc5 31.Ra1 Rad8 32.Qe1 Rxd4 33.cxd4 Qxd4+ 34.Kh1 Qxf4 35.Rd1 Rxd1
36.Qxd1 g5 37.Qe1 a3 38.c3 h5 39.Rb1 h4 40.Rd1 a2 41.Kg1 Qg3 42.Ra1 Kg7 43.Rd1 Qxe1+
44.Rxe1 Bd3 45.Ra1 Bb1 46.Kf2 f6  0-1

[Event "Munich op9293"]
[Site "Munich"]
[Date "1993.??.??"]
[Round "9"]
[White "Ehrke, Anja"]
[Black "Titz, Heimo"]
[Result "1-0"]
[WhiteElo "2200"]
[BlackElo "2345"]

1.e4 c5 2.Nf3 Nc6 3.d4 cxd4 4.Nxd4 Qc7 5.Nc3 e6 6.a3 a6 7.f4 Nxd4 8.Qxd4 Ne7
9.Be3 b5 10.Be2 Bb7 11.O-O Nc6 12.Qd2 Na5 13.Rad1 Rc8 14.Kh1 Be7 15.f5 e5
16.f6 gxf6 17.Bg4 Rd8 18.Bh5 Nc4 19.Nd5 Qd6 20.Nxf6+ Qxf6 21.Rxf6 Bxf6 22.Qf2 Nxe3
23.Qxf6 O-O 24.Qg5+ Kh8 25.Qxe3  1-0

[Event "New York op"]
[Site "New York"]
[Date "1993.??.??"]
[Round "4"]
[White "Wagman, Stuart"]
[Black "McCarthy, Brian"]
[Result "1-0"]
[WhiteElo "2205"]
[BlackElo "2245"]

1.e4 c5 2.Nf3 Nc6 3.d4 cxd4 4.Nxd4 Qb6 5.Nb3 e6 6.Be2 Nf6 7.Nc3 a6 8.O-O Be7
9.a4 Qc7 10.f4 d6 11.Bf3 Bd7 12.a5 b5 13.axb6 Qxb6+ 14.Kh1 Rb8 15.Qe2 Bc8
16.e5 dxe5 17.fxe5 Nd7 18.Bxc6 Qxc6 19.Qg4 g6 20.Bh6 Rb4 21.Qe2 Rh4 22.Qf2 Rxh6
23.Qxf7+ Kd8 24.Nd4 Qc4 25.Nxe6+ Qxe6 26.Qxe6 Rh4 27.Rad1 Re8 28.Qb6+  1-0

[Event "Nis op"]
[Site "Nis"]
[Date "1993.??.??"]
[Round "?"]
[White "Grujic, Lazar"]
[Black "Jovicevic, Bozidar"]
[Result "1-0"]
[WhiteElo "2375"]
[BlackElo "2280"]

1.e4 c5 2.Nf3 Nc6 3.d4 cxd4 4.Nxd4 Qc7 5.Nb5 Qb8 6.c4 Nf6 7.N5c3 g6 8.Be2 Bg7
9.O-O O-O 10.Be3 b6 11.Nd2 Bb7 12.Nb3 d6 13.Rc1 e6 14.Qd2 Ne5 15.f3 Rc8 16.Nb5 a6
17.N5d4 Re8 18.Rfd1 d5 19.exd5 exd5 20.c5 Nc4 21.Bxc4 dxc4 22.Rxc4 Nd5 23.Bf2 Be5
24.g3 bxc5 25.Nxc5 Nb6 26.Rb4 Bd5 27.Nd7 Nxd7 28.Rxb8 Raxb8 29.b3 Nf6 30.Re1 Rbd8
31.Qg5 h6 32.Qxh6 Bb7 33.Rxe5 Rxe5 34.Qf4 Nd7 35.g4 Rde8 36.Kg2 Nc5 37.Qf6 Nd3
38.Bg1 Ne1+ 39.Kg3 Bd5 40.h4 R8e7 41.h5 gxh5 42.gxh5  1-0

[Event "Oberwart op"]
[Site "Oberwart"]
[Date "1993.??.??"]
[Round "6"]
[White "Korneev, Oleg"]
[Black "Kogan, Artur"]
[Result "1-0"]
[WhiteElo "2475"]
[BlackElo "2340"]

1.e4 c5 2.Nf3 Nc6 3.d4 cxd4 4.Nxd4 Qc7 5.Nb5 Qb8 6.c4 Nf6 7.N1c3 e6 8.Be2 b6
9.O-O a6 10.Nd4 Nxd4 11.Qxd4 Bc5 12.Qd3 h5 13.g3 Ng4 14.Bxg4 hxg4 15.Qe2 Bb7
16.Qxg4 Qe5 17.Bf4 Qh5 18.Qxh5 Rxh5 19.Rad1 Ke7 20.a3 a5 21.Rd2 f6 22.Rfd1 Bc6
23.Bd6+ Bxd6 24.Rxd6 a4 25.Na2 Ra7 26.R6d4 Rc5 27.f3 e5 28.Rd6 Rxc4 29.Nb4 Rc7
30.g4 g5 31.Kf2 b5 32.Kg3 Bb7 33.h4 gxh4+ 34.Kxh4 Bc6 35.Kh5 Kf7 36.g5 fxg5
37.Kxg5 Ke7 38.Kf5 Rd4 39.Kxe5 Rxd1 40.Rxd1 Bb7 41.Nd5+ Bxd5 42.Rxd5 Rb7
43.f4 Rb6 44.f5 d6+ 45.Kf4 Rb8 46.e5 dxe5+ 47.Kxe5 b4 48.Ra5 bxa3 49.Ra7+ Kf8
50.bxa3 Rb5+ 51.Kf6 Rb6+ 52.Kg5 Rb1 53.Rxa4 Ke7 54.Ra7+ Kd6 55.Kg6 Rg1+ 56.Kf7 Rh1
57.Ra6+ Ke5 58.f6 Rb1 59.Kg7 Rg1+ 60.Kf8 Rg6 61.Ke7  1-0

[Event "Odorheiu Secuiesc op"]
[Site "Odorheiu Secuiesc"]
[Date "1993.??.??"]
[Round "5"]
[White "Ciobanu, Aurelian"]
[Black "Lupu, Mircea Sergiu"]
[Result "0-1"]
[WhiteElo "2265"]
[BlackElo "2435"]

1.e4 c5 2.Nf3 Nc6 3.d4 cxd4 4.Nxd4 Qb6 5.Nb3 Nf6 6.Bd3 e6 7.O-O Be7 8.Be3 Qc7
9.Nc3 O-O 10.f4 d6 11.Qf3 a6 12.g4 Nd7 13.g5 Nb4 14.Qh5 Re8 15.Rf3 g6 16.Qh6 Bf8
17.Qh4 Qd8 18.Qf2 f6 19.h4 b5 20.Rg3 fxg5 21.hxg5 Bg7 22.Bf1 Nc6 23.Rd1 b4
24.Na4 Qc7 25.Qd2 Bf8 26.Rh3 Rb8 27.Bc4 Nce5 28.Bf1 Nc4 29.Qh2 Nxe3 30.Rxh7 Nxd1
31.f5 Re7 32.Rh8+ Kf7 33.Qh7+ Ke8 34.Qxg6+ Rf7 35.fxe6 Ne5 36.exf7+ Qxf7
37.Rxf8+ Kxf8 38.Qxd6+ Kg8 39.Bc4 Nxc4 40.Qxb8 Qf2+  0-1

[Event "Osijek"]
[Site "Osijek"]
[Date "1993.??.??"]
[Round "8"]
[White "Lau, Ralf"]
[Black "Dizdarevic, Emir"]
[Result "1/2-1/2"]
[WhiteElo "2510"]
[BlackElo "2540"]

1.e4 c5 2.Nf3 Nc6 3.d4 cxd4 4.Nxd4 Qc7 5.Nc3 e6 6.Be2 a6 7.O-O Nf6 8.Be3 b5
9.Nxc6 dxc6 10.f4 b4 11.Na4 c5 12.c3 bxc3 13.Nxc3 Be7 14.e5 Nd7 15.Rc1 O-O
16.Bf3 Bb7 17.Na4 Rac8 18.b3 Rfd8 19.Qe2 Bxf3 20.Qxf3 Qa5 21.Qe4 Nb6 22.Nxb6 Qxb6
23.Rc4 a5 24.h3 g6 25.Kh2 Rd5 26.Rfc1 Qd8 27.R1c3 h5 28.Qc2 Kg7 29.a3 Rc7
30.Bxc5 Bxc5 31.Rxc5 Rcxc5 32.Rxc5 Rd2 33.Qe4 Rd4 34.Qe3 Rd3 35.Qe1 a4 36.bxa4 Qd4
37.Rc2 Qxf4+ 38.g3 Qf3 39.Qf2 Qa8 40.Qf6+ Kg8 41.Rf2 Qb7 42.g4 Rd1 43.Kg3 hxg4
44.hxg4 Rg1+ 45.Kf4 Qc7 46.Kg5 Re1 47.Kh6 Rh1+  1/2-1/2